000 00270nam a22001217a 4500
008 170529b xxu||||| |||| 00| 0 eng d
041 _aGER
080 _a62
100 _a27
101 _aIM
245 _aGRUNDLAGEN DER REGELUNGSTECHNIK
_cLETZEL.W
942 _2udc
_cBK
999 _c14830
_d14830